| 000 | 00402nam a2200145 a 4500 | ||
|---|---|---|---|
| 001 | 4728 | ||
| 003 | CDMR | ||
| 005 | 20130320111203.0 | ||
| 008 | 130130s2000||||||||||||||||||||||||||||d | ||
| 040 |
_aCDMR _bcat _cCPC GIRONA |
||
| 110 |
_91047 _aGirona _b -- Ajuntament |
||
| 245 | 0 |
_aGuia metodològica del projecte Ciutat i Igualtat _b: (1999-2000) |
|
| 260 |
_c2000 _bAjuntament de Girona |
||
| 942 |
_cMON _2ddc |
||
| 999 |
_c4728 _d4728 |
||